01870nam a2200313 a 450000100060000000300090000600800410001502000180005604000280007408200160010210000300011824501500014826000390029830000110033749000640034865000350041265000440044765000280049165000640051994200120058399900170059595201400061295201400075295201380089295201310103095201390116195201310130095201250143123526CO-ViMGA141112s2004 ck r 000 u spa d a9789587530216 aCO-ViMGAbspacCO-ViMGA04aCo898 R613a1 aRocha Vivas, Miguel9130110aAntes el amanecer. Antología de las literaturas indígenas de los Andes y la Sierra Nevada de Santa Marta / cCompilado por Miguel Rocha Vivas aColombia : bMinisterio de Cultura a744 p. aBiblioteca básica de los pueblos indigenas de Colombia; 214aIndigenas - Literatura 93390014aLiteratura colombiana - Siglo XX 9205714aPoesia indigena 93390114aSierra nevada de Santa Marta (Colombia) - Literatura933902 2ddccBK c10261d10261 00102ddc40708001aMEVIGACOMbMEVIGACOMd2015-12-04h04/feb/2011l0oCo898 R613a p24053r2015-12-04 00:00:00tEj. 2w2015-12-04yBK 01102ddc44708001aMEVIGAPORbMEVIGAPORd2015-12-04h04/feb/2011l0oCo898 R613a p24054r2015-12-04 00:00:00tEj. 3w2015-12-04yBK 01102ddc44708003aMEVIECARbMEVIECARd2015-12-04h04/feb/2011l0oCo898 R613a p24052r2015-12-04 00:00:00tEj. 1w2015-12-04yBK 00102ddc40708GENaMEGUAMALbMEGUAMALcGENd2024-10-24l0o861.6 R61apGUA004365r2024-10-24 07:43:09tEj.1w2024-10-24yBK 001040708001aMEVIGERRbMEVIGERRcGENd2011-08-02oCo863.08 A57pECA20295r2024-11-26 09:50:32tEj.1w2024-11-26yBKz14925 | 19517 00102ddc40708GENaMEPLOPEZbMEPLOPEZcGENd2025-05-29l0oCo898 R613apPLZ02068r2025-05-29 11:47:23tEj.1w2025-05-29yBK 00102ddc4070aMEMACAREbMEMACAREcGENd2026-02-26l0oCo898 R613apLM03359r2026-02-26 19:46:31tEj.1w2026-02-26yBK